00425 2200181 4500001002100000005001500021035002000036008004100056245002800097100001700125250000600142260003500148300001200183084001400195082000800209650001400217990001200231INLIS00000000000007120240502102829 a0010-0424000047240502 0 ind 1 aGeografi /cYoga Wibowo aWibowo, Yoga a1 aJakarta :bGaneca Exact,c2007 a160 hlm a900 YOG g a900 4aNon Fiksi a0737309